000
00324 a2200157 4500
001
193089
020
_a
978-85-7530-403-7
040
_c
Magnum
100
_a
Trindade, Kátia
240
1
0
_a
Generosidade
_l
por
245
1
0
_a
Generosidade
300
_a
15
362
0
_a
2015
697
_a
LITERATURA INFANTIL
942
_c
BK
999
_c
193089
_d
193089